LA LITERATURA PERSEGUIDA EN LA CRISIS DE LA COLONIA/

Guardado en:
Detalles Bibliográficos
Autor principal: González Casanova, Pablo (autor)
Formato: Libro
Temas:
Etiquetas: Agrega una etiqueta
Sin etiquetas, Sé el primero en etiquetar este registro!

MARC

LEADER 00000nam^a2200000^a^4500
001 000224502
005 20250521000000.0
009 20260310104052.088
020 |a 968-29-1046-3 
035 |a 043620 
037 |a Acervo Xavier Clavigero 
082 |a 809. 7202  |b GON 
100 |a González Casanova, Pablo  |e (autor) 
245 1 3 |a LA LITERATURA PERSEGUIDA EN LA CRISIS DE LA COLONIA/  |c PABLO GONZALEZ CASANOVA 
264 |a MEXICO :  |b SEP,  |c 1986 
300 |a 174p. 
336 |a texto  |b txt  |2 rdacontenido 
337 |a sin mediación  |b n  |2 rdamedio 
338 |a volumen  |b nc  |2 rdasoporte 
649 |a XX 
650 |a Literatura Mexicana -  |x Historia y Crítica -  |x Tema Principal 
650 |a INQUISICION -  |x MEXICO 
910 |a Fondo General 
920 |a Impresos - Libros 
930 |a Colección General 
940 |a Literatura 
905 |a 101 
901 |a 043620  |b IT1  |c LIT  |i 043620  |u 20250521 
902 |a https://opac.biblio.iteso.mx/vufind/Record/000224502